00744nam a2200181Ia 4500008004100000020001800041082001700059100002100076245006000097260003700157300001000194440002700204500006400231650006200295952009400357952009400451999001700545120629s9999 xx 000 0 und d a84-7432-840-3 a658.45 B798t aBradbury, Andrew aTecnicas para presentaciones eficaces / Andrew Bradbury aBarcelona : Nuevos Emprendedores a166 p a(Nuevos emprendedores) aA la cabeza de la portada: The Sunday times; bibliografía a1. COMUNICACION EN LOS NEGOCIOS \ 2. COMUNICACION ORALÌ 00104070a15b15d2010-04-21l0o658.45 B798Tp15 003981r2017-12-07t1w2012-06-28yLB 00104070a15b15d2010-04-21l0o658.45 B798Tp15 003982r2017-12-07t2w2012-06-28yLB c76959d76959